تحميل...
Commentaries on Indian Partnership act, 1932: vol.2
| المؤلف الرئيسي: | |
|---|---|
| التنسيق: | Printed Book |
| منشور في: |
Allahabad
Law Publishers
1983
|
| الطبعة: | 2nd ed. |
| الموضوعات: |
| LEADER | 00542cam a2200157ua 4500 | ||
|---|---|---|---|
| 082 | |a 346.068 209 54 |b RAJ/C.2 | ||
| 100 | |a Rajagopalachari | ||
| 245 | 0 | 0 | |a Commentaries on Indian Partnership act, 1932: vol.2 |
| 250 | |a 2nd ed. | ||
| 260 | |a Allahabad |b Law Publishers |c 1983 | ||
| 300 | |a xcll, 761-1333, 249p. | ||
| 500 | |a Includes index. | ||
| 650 | 0 | |a Partnership Act- India- Law | |
| 942 | |c REF | ||
| 999 | |c 9941 |d 9941 | ||
| 952 | |0 0 |1 0 |4 0 |6 346_068000000000000_209_54_RAJ |7 0 |9 10359 |a KUCL |b KUCL |d 2014-05-23 |l 0 |o 346.068 209 54 RAJ/C.2 |p 03282 |r 2017-03-20 |y REF | ||